<?xml version="1.0" encoding="UTF-8"?>
<record
    xmlns:xsi="http://www.w3.org/2001/XMLSchema-instance"
    xsi:schemaLocation="http://www.loc.gov/MARC21/slim http://www.loc.gov/standards/marcxml/schema/MARC21slim.xsd"
    xmlns="http://www.loc.gov/MARC21/slim">

  <leader>01868    a2200169   4500</leader>
  <controlfield tag="001">128244</controlfield>
  <datafield tag="020" ind1=" " ind2=" ">
    <subfield code="a">978-8516006327</subfield>
  </datafield>
  <datafield tag="040" ind1=" " ind2=" ">
    <subfield code="c">Escola Canadense de Niteroi</subfield>
  </datafield>
  <datafield tag="090" ind1=" " ind2=" ">
    <subfield code="a">KUP</subfield>
  </datafield>
  <datafield tag="100" ind1=" " ind2=" ">
    <subfield code="a">Kupstas, Marcia</subfield>
  </datafield>
  <datafield tag="245" ind1="1" ind2="0">
    <subfield code="a">O Po&#xE7;o da Bruxa</subfield>
  </datafield>
  <datafield tag="250" ind1=" " ind2=" ">
    <subfield code="a">1</subfield>
  </datafield>
  <datafield tag="260" ind1=" " ind2=" ">
    <subfield code="a">S&#xE3;o Paulo</subfield>
  </datafield>
  <datafield tag="362" ind1="0" ind2=" ">
    <subfield code="a">1988</subfield>
  </datafield>
  <datafield tag="520" ind1=" " ind2=" ">
    <subfield code="a">Muitas vezes sem ter com quem dividir d&#xFA;vidas e riscos, algumas m&#xE3;es precisam fazer m&#xE1;gica para educar os filhos. Resumindo: para n&#xE3;o deixar a peteca cair, &#xE9; preciso, antes de qualquer coisa, ter o dom da criatividade &#xE0; flor da pele. E exerc&#xEA;-lo sempre. Esse &#xE9; o caso da m&#xE3;e de Zacarias, protagonista de O filho da bruxa , de Marcia Kupstas. O menino garante que ela &#xE9; uma bruxa. Mas n&#xE3;o daquelas feias ou velhas, rodeada de morcegos e caldeir&#xF5;es. Trata-se de uma pessoa comum, exceto pelos poderes m&#xE1;gicos. Por meio deles, oferece ao filho emo&#xE7;&#xF5;es &#xFA;nicas. Tem, por exemplo, um escorpi&#xE3;o venenoso que corta as unhas do menino. J&#xE1; no castigo do s&#xF3;t&#xE3;o, ele costuma fazer confid&#xEA;ncias com um s&#xE1;bio drag&#xE3;o com mais de 1.000 anos. No quintal de casa, encontra fadas que temem gatos falantes. E para falar a verdade, l&#xE1;, at&#xE9; a comida &#xE9; bem diferente da que Zacarias costuma encontrar na casa de seus amigos. J&#xE1; imaginaram a mistura de pur&#xEA; de batata e arroz com peda&#xE7;os de besouro? Que del&#xED;cia! Mas &#xE9; na hora da brincadeira que a festa se completa, com a m&#xE3;e conseguindo transport&#xE1;-lo para dentro de seu desenho predileto para viver eletrizantes aventuras. Assim como os adultos, as crian&#xE7;as n&#xE3;o escapam aos problemas. Tamb&#xE9;m elas t&#xEA;m a parte que lhes cabe de desconforto no dia-a-dia. Mas s&#xF3; que os pequenos levam vantagem sobre os grandes. Afinal s&#xE3;o eles os maiores fazedores de fantasia. Muni&#xE7;&#xE3;o n&#xE3;o lhes falta para vencer os obst&#xE1;culos que a sorte cisma em jogar no meio de seus caminhos.</subfield>
  </datafield>
  <datafield tag="942" ind1=" " ind2=" ">
    <subfield code="c">BK</subfield>
  </datafield>
  <datafield tag="952" ind1=" " ind2=" ">
    <subfield code="0">0</subfield>
    <subfield code="1">0</subfield>
    <subfield code="4">0</subfield>
    <subfield code="7">0</subfield>
    <subfield code="a">80.1</subfield>
    <subfield code="b">80.1</subfield>
    <subfield code="d">2024-02-09</subfield>
    <subfield code="l">0</subfield>
    <subfield code="o">KUP</subfield>
    <subfield code="p">A26087</subfield>
    <subfield code="r">2024-02-09 21:25:23</subfield>
    <subfield code="w">2024-02-09</subfield>
    <subfield code="y">BK</subfield>
  </datafield>
  <datafield tag="999" ind1=" " ind2=" ">
    <subfield code="c">128244</subfield>
    <subfield code="d">128244</subfield>
  </datafield>
</record>
